French sights and famous places - Statistics

General Stats
  • This quiz has been taken 23 times
  • The average score is 10 of 20
Answer Stats
Picture Answer % Correct
Arc de Triomphe | Paris
100%
Louvre | Paris
100%
Eifeltower | Paris
95%
Mont Saint Michel
95%
Notre Dame | Paris
89%
Le Mans Circuit | Le Mans
63%
Pont d'Avignon/Popes Palace | Avignon
53%
Reims Cathedral | Reims
53%
Chateau de Chambord | Chambord
47%
Belfort of Lille | Lille
42%
Place de la Bourse | Bordeaux
42%
Fort Boyard
37%
Notre Dame de la Garde | Marseille
37%
Church of Lourdes | Lourdes
26%
Rocamadour
26%
Saone Boulevard | Lyon
26%
Abbey of Senanque | Gordes
16%
Castelnaud Castle | Castelnaud la Chapelle
5%
Gardens of Marqueyssac | Vezac
5%
Saint Corentin Cathedral | Quimper
5%
No matching quizzes found
Score Distribution
Percent of People with Each Score
Percentile by Number Answered
Your Score History
You have not taken this quiz